| 000 | 01451cam a22004094i 4500 | ||
|---|---|---|---|
| 003 | PE-LiUPU | ||
| 005 | 20250731184104.0 | ||
| 008 | 150623s r 000 0 d | ||
| 020 | _a0151003718 | ||
| 035 | _a(Sirsi) i9780151003716 | ||
| 040 |
_aPE-LiUPU _bspa _cPE-LiUPU _erda |
||
| 049 | _aPRUA | ||
| 082 | 0 | 4 |
_a808.02 _bO74 _221 |
| 100 | 1 |
_aO'Conner, Patricia T. ed., _eautor. |
|
| 245 | 1 | 0 |
_aWords fail me / _cPatricia T. O'Conner ed. |
| 264 | 1 |
_aNew York, NY : _bHarcourt Brace & Company, _c1999. |
|
| 300 |
_a230 páginas ; _c21 centímetros |
||
| 336 |
_atext _2rdacontent |
||
| 337 |
_aunmediated _2rdamedia |
||
| 338 |
_avolume _2rdacarrier |
||
| 504 | _aIncluye bibliografía. | ||
| 505 | 0 | _aPull yourself together. The fundamental Things apply. Getting better all the time. | |
| 526 | _aP145 | ||
| 526 | _aP127 | ||
| 526 | _aP97 | ||
| 526 | _aP14 | ||
| 526 | _aP07 | ||
| 650 | 0 | 4 |
_aAutores _xProfesión. |
| 650 | 0 | 4 | _aEscritos creativos. |
| 650 | 0 | 4 | _aReportaje escrito. |
| 942 |
_2ddc _cBOOK |
||
| 949 |
_a808.02 O74 _wDEWEY _c1 _i53541 _lCCODEBUL1 _mBUL _p19.00 _r0 _sY _tBOOK _u2015-6-24 _xTEOLOGIA _PP35 _0COMPRA _o.STAFF. Colección General |
||
| 994 |
_aC0 _bPEPRU |
||
| 596 | _a1 | ||
| 999 |
_a808.02 O74 _wDEWEY _c35564 _i53541 _f2021-11-11 _g5 _lCCODEBUL1 _mBUL _p19.00 _r0 _sY _tBOOK _u2015-6-24 _xTEOLOGIA _PP35 _0COMPRA _o.STAFF. Colección General _d35564 |
||
| 980 |
_81 _gALBERTO SANCHEZ Responsable de Automatización |
||